LEADER 01006nam a2200253 i 4500 001 000000177287 003 CaOOAMICUS 005 20090210000000.0 008 090210s1977 it u000 u ita u 013 $a154800 040 $aSeMil$bita 100 1 $aVictor, Paul-Emile.$0(OLS)http://semarc/name/65985 245 10$aCani da slitta compagni di rischio /$cPaul-Emile Victor ; traduzione dal francese di Elena Tessadri. 260 $aMilano :$bRusconi,$ccopyr. 1977. 300 $a317 p. :$bill. ;$c25 cm. 500 $aFondo Card. Giovanni Colombo. 650 4$aSpedizioni polari.$0(OLS)http://semarc/subject/7054 700 1 $aTessadri, Elena.$0(OLS)http://semarc/name/54037 850 $aSeMil 852 $aSeMil$W1$xVenegono$y1$m3X V 26$j128098$B128098$CSeMilBibl$Z2$F142856 $81 941 1 $a3 961 $aLascito: Colombo Card. Giovanni 996 $6245$aCani da slitta compagni di rischio$9(OLS)http://semarc/title/254616 996 $6260$aMilano :$bRusconi$9(OLS)http://semarc/publisher/30258 LEADER 00953nam a2200229 i 4500 001 000000246985 003 CaOOAMICUS 005 20151203000000.0 008 151203s1970 it u000 u ita u 013 $a225890 040 $aSeMil$bita 245 13$aLa vita e il tempo di Elisabetta 1. 260 $aMilano :$bArnoldo Mondadori Editore,$c1970. 300 $a126 p. :$bill. ;$c23 cm. 490 0 $aI grandi della storia ;$v11 600 04$aElisabetta I : Tudor .$0(OLS)http://semarc/subject/17148 830 2$aI grandi della storia ;$v11.$0(OLS)http://semarc/title/8377 850 $aSeMil 852 $aSeMil$W1$xVenegono$y1$m3W I 330$j197331$B197331$CSeMilBibl$Z2$F208982 $81 961 $aOmaggio: Istituto San Vincenzo 996 $6245$aLa vita e il tempo di Elisabetta 1$9(OLS)http://semarc/title/348889 996 $6260$aMilano :$bArnoldo Mondadori Editore$9(OLS)http://semarc/publisher/30056